[Event "LTU-ch"]
[Site "Vilnius"]
[Date "2019.03.17"]
[Round "5"]
[White "Kalvaitis, Sigitas"]
[Black "Zickus, Simonas"]
[Result "1/2-1/2"]
[WhiteElo "2143"]
[BlackElo "2330"]
[PlyCount "36"]
[EventDate "2019.03.15"]
[EventType "swiss"]
[EventRounds "9"]
[EventCountry "LTU"]
[SourceTitle "CBM 189 Extra"]
[Source "ChessBase"]
[SourceDate "2019.06.03"]
[SourceVersion "1"]
[SourceVersionDate "2019.06.03"]
[SourceQuality "1"]

1. e4 c5 2. Nf3 Nc6 3. Bb5 g6 4. 0-0 Bg7 5. c3 e5 6. d4 cxd4 7. cxd4 exd4 8. Bf4 Nge7 9. Bd6 0-0 10. Nbd2 a6 11. Bc4 b5 12. Bd5 Bb7 13. Nb3 Nxd5 14. Bxf8 Qxf8 15. exd5 Ne5 16. Nbxd4 Qd6 17. Rc1 Qxd5 18. b3 a5 1/2-1/2

[Event "Palanga op"]
[Site "Palanga"]
[Date "2015.06.18"]
[Round "5"]
[White "Zickus, Simonas"]
[Black "Laurusas, Tomas"]
[Result "1/2-1/2"]
[WhiteElo "2302"]
[BlackElo "2413"]
[PlyCount "38"]
[EventDate "2015.06.15"]
[EventType "swiss"]
[EventRounds "9"]
[EventCountry "LTU"]
[SourceTitle "CBM 167 Extra"]
[Source "ChessBase"]
[SourceDate "2015.09.14"]
[SourceVersion "1"]
[SourceVersionDate "2015.09.14"]
[SourceQuality "1"]

1. Nf3 c5 2. c4 g6 3. Nc3 Bg7 4. g3 Nc6 5. Bg2 e6 6. 0-0 Nge7 7. a3 0-0 8. d3 d5 9. Bd2 b6 10. Rb1 a5 11. Qc1 Re8 12. h4 Ba6 13. b3 Rc8 14. Re1 Nd4 15. Na4 Nef5 16. Bf4 Nc6 17. Bg5 Qc7 18. Nc3 d4 19. Ne4 e5 1/2-1/2

[Event "Palanga op"]
[Site "Palanga"]
[Date "2015.06.16"]
[Round "2"]
[White "Zickus, Simonas"]
[Black "Gailiunaite, Saule"]
[Result "1-0"]
[WhiteElo "2302"]
[BlackElo "1788"]
[PlyCount "55"]
[EventDate "2015.06.15"]
[EventType "swiss"]
[EventRounds "9"]
[EventCountry "LTU"]
[SourceTitle "CBM 167 Extra"]
[Source "ChessBase"]
[SourceDate "2015.09.14"]
[SourceVersion "1"]
[SourceVersionDate "2015.09.14"]
[SourceQuality "1"]

1. Nf3 d5 2. g3 e6 3. Bg2 c5 4. 0-0 Nc6 5. d4 Nf6 6. c4 Be7 7. cxd5 exd5 8. Nc3 0-0 9. dxc5 d4 10. Na4 Bf5 11. Ne1 Qd7 12. Nd3 Rad8 13. Bd2 Bxd3 14. exd3 Ne5 15. Qb3 Nxd3 16. c6 Qf5 17. cxb7 Bd6 18. Rad1 Nd7 19. Qd5 Qxd5 20. Bxd5 N7c5 21. Nxc5 Nxc5 22. b4 Na6 23. Bg5 Rb8 24. Rxd4 h6 25. Bf4 Bxf4 26. Rxf4 g5 27. Rc4 Kg7 28. b5 1-0

[Event "Palanga op"]
[Site "Palanga"]
[Date "2015.06.16"]
[Round "3"]
[White "Zukauskas, Arnas Povilas"]
[Black "Zickus, Simonas"]
[Result "0-1"]
[WhiteElo "1847"]
[BlackElo "2302"]
[PlyCount "129"]
[EventDate "2015.06.15"]
[EventType "swiss"]
[EventRounds "9"]
[EventCountry "LTU"]
[SourceTitle "CBM 167 Extra"]
[Source "ChessBase"]
[SourceDate "2015.09.14"]
[SourceVersion "1"]
[SourceVersionDate "2015.09.14"]
[SourceQuality "1"]

1. d4 d5 2. Bf4 c5 3. e3 Nc6 4. c3 Nf6 5. Bd3 Qb6 6. Qb3 c4 7. Qxb6 axb6 8. Bc2 e6 9. Nd2 b5 10. Ne2 b4 11. 0-0 Be7 12. e4 0-0 13. exd5 exd5 14. h3 b5 15. Nf3 Ra6 16. Ne5 Bb7 17. Nxc6 Bxc6 18. cxb4 Bxb4 19. a3 Rfa8 20. Rad1 Be7 21. Ng3 g6 22. Rfe1 R6a7 23. Re2 b4 24. Rxe7 Rxe7 25. Bd6 Re6 26. Bxb4 Nd7 27. Kf1 Bb5 28. Bc3 Nb6 29. Ne2 Ba4 30. Rc1 Bxc2 31. Rxc2 Kf8 32. Bb4+ Ke8 33. Bc5 Na4 34. Bb4 Kd7 35. Nf4 Re4 36. Nxd5 Rxd4 37. Nf6+ Kc6 38. Nxh7 Re8 39. g3 Rd1+ 40. Kg2 Kb5 41. Ng5 f6 42. Nf3 Nb6 43. Nh4 g5 44. Nf5 Re6 45. Ne3 Rd4 46. Bc3 Rd3 47. Nf5 Ka4 48. h4 gxh4 49. gxh4 Re4 50. h5 Kb3 51. Rc1 Rg4+ 52. Ng3 Nd5 53. f3 Nf4+ 54. Kf2 Rxg3 55. Kxg3 Ne2+ 56. Kg4 Nxc1 57. Bxf6 Rd1 58. h6 Rh1 59. Bh4 Rg1+ 60. Kf5 Rh1 61. Kg4 Nd3 62. f4 Nxf4 63. Bf6 Rxh6 64. Bg5 Rg6 65. Kxf4 0-1

[Event "Palanga op"]
[Site "Palanga"]
[Date "2015.06.15"]
[Round "1"]
[White "Butvilaite, Berta Reja"]
[Black "Zickus, Simonas"]
[Result "1/2-1/2"]
[WhiteElo "1686"]
[BlackElo "2302"]
[PlyCount "98"]
[EventDate "2015.06.15"]
[EventType "swiss"]
[EventRounds "9"]
[EventCountry "LTU"]
[SourceTitle "CBM 167 Extra"]
[Source "ChessBase"]
[SourceDate "2015.09.14"]
[SourceVersion "1"]
[SourceVersionDate "2015.09.14"]
[SourceQuality "1"]

1. e4 c5 2. c3 d5 3. exd5 Qxd5 4. d4 Nc6 5. Nf3 Bg4 6. dxc5 Qxd1+ 7. Kxd1 e5 8. b4 a5 9. b5 Nd8 10. Be3 f5 11. c6 bxc6 12. bxc6 Nxc6 13. Bb5 Rc8 14. h3 Bxf3+ 15. gxf3 Nf6 16. Re1 Be7 17. Bb6 Nd7 18. Bxc6 Rxc6 19. Bxa5 Bc5 20. Re2 Kf7 21. Nd2 Rh6 22. Rb1 Ra8 23. Rb7 Ke6 24. Bc7 Kd5 25. Nb3 Rxh3 26. Ba5 Ke6 27. Rxd7 Kxd7 28. Nxc5+ Kc6 29. Nb3 Rxf3 30. Rxe5 Rxf2 31. Nd4+ Kd6 32. Rb5 Rxa2 33. Bb4+ Kc7 34. Rxf5 Rg2 35. Nb5+ Kb6 36. Na3 Kc6 37. Re5 g5 38. Re2 Rd8+ 39. Ke1 Rxe2+ 40. Kxe2 h5 41. Nc2 Kd5 42. Kf3 Ke5 43. Nd4 Rd7 44. Kg3 Ke4 45. Ba3 Rc7 46. Bb4 Rf7 47. Ne6 Rf3+ 48. Kg2 Rf5 49. Ng7 Rf7 1/2-1/2

[Event "LTU-ch"]
[Site "Vilnius"]
[Date "2012.04.27"]
[Round "7"]
[White "Beinoras, Mindaugas"]
[Black "Zickus, Simonas"]
[Result "1/2-1/2"]
[WhiteElo "2353"]
[BlackElo "2283"]
[PlyCount "28"]
[EventDate "2012.04.21"]
[EventType "tourn"]
[EventRounds "9"]
[EventCountry "LTU"]
[EventCategory "5"]
[SourceTitle "CBM 148 Extra"]
[Source "ChessBase"]
[SourceDate "2012.06.22"]
[SourceVersion "1"]
[SourceVersionDate "2012.06.22"]
[SourceQuality "1"]

1. d4 d5 2. c4 dxc4 3. Nf3 Nf6 4. e3 e6 5. Bxc4 c5 6. 0-0 a6 7. Bb3 Nc6 8. Qe2 cxd4 9. Rd1 Be7 10. Nc3 e5 11. exd4 exd4 12. Nxd4 Nxd4 13. Qe5 Qd6 14. Qxd4 Qxd4 1/2-1/2

[Event "LTU-chT"]
[Site "Lithuania"]
[Date "2012.03.03"]
[Round "6"]
[White "Jegorovas, Aleksandras"]
[Black "Zickus, Simonas"]
[Result "1-0"]
[WhiteElo "2298"]
[BlackElo "2283"]
[PlyCount "83"]
[EventDate "2012.01.21"]
[EventType "team-swiss"]
[EventRounds "7"]
[EventCountry "LTU"]
[SourceTitle "EXT 2013"]
[Source "ChessBase"]
[SourceDate "2012.11.22"]
[SourceVersion "1"]
[SourceVersionDate "2012.11.22"]
[SourceQuality "1"]
[WhiteTeam "Kaunas Trys nuliai"]
[BlackTeam "Vilnius"]
[WhiteTeamCountry "LTU"]
[BlackTeamCountry "LTU"]

1. Nf3 c5 2. c4 Nc6 3. Nc3 g6 4. e3 Nf6 5. d4 cxd4 6. exd4 d5 7. cxd5 Nxd5 8. Qb3 Nxc3 9. Bc4 Nd5 10. Bxd5 e6 11. Bxc6+ bxc6 12. 0-0 Ba6 13. Re1 Bg7 14. Rxe6+ fxe6 15. Qxe6+ Kf8 16. Bf4 Bxd4 17. Bh6+ Bg7 18. Ne5 Bc4 19. Nd7+ Qxd7 20. Qxd7 Bxh6 21. Qxc6 Kg7 22. Qxc4 Rhc8 23. Qe6 Kh8 24. Rd1 Bg7 25. b4 Rc2 26. Qe4 Rcc8 27. g3 Re8 28. Qg4 Bc3 29. Rd7 Red8 30. Rxd8+ Rxd8 31. Qc4 Be5 32. Qf7 Bd4 33. Kg2 Rb8 34. b5 Rg8 35. h4 Rg7 36. Qe6 h5 37. a4 Bb6 38. Qe1 Rf7 39. a5 Bd4 40. Qd2 Bg7 41. b6 Kh7 42. Qd5 1-0

[Event "LTU-ch sf"]
[Site "Vilnius"]
[Date "2012.02.21"]
[Round "4"]
[White "Lipskij, Valerij"]
[Black "Zickus, Simonas"]
[Result "0-1"]
[WhiteElo "2123"]
[BlackElo "2283"]
[PlyCount "58"]
[EventDate "2012.02.19"]
[EventType "swiss"]
[EventRounds "8"]
[EventCountry "LTU"]
[SourceTitle "CBM 147 Extra"]
[Source "ChessBase"]
[SourceDate "2012.04.24"]
[SourceVersion "1"]
[SourceVersionDate "2012.04.24"]
[SourceQuality "1"]

1. Nf3 c5 2. c4 Nc6 3. Nc3 g6 4. g3 Bg7 5. Bg2 e5 6. 0-0 Nge7 7. e4 0-0 8. d3 f5 9. Bg5 h6 10. Be3 d6 11. Qd2 Kh7 12. Ne1 Nd4 13. exf5 gxf5 14. f4 Rb8 15. Nd5 Be6 16. Nxe7 Qxe7 17. Nf3 b5 18. fxe5 dxe5 19. Bxd4 cxd4 20. Rae1 Qd6 21. Nxe5 Rbe8 22. Qf4 Bg8 23. c5 Bxe5 24. cxd6 Bxf4 25. Rxe8 Be3+ 26. Rxe3 dxe3 27. Rxf5 Rxf5 28. Be4 Be6 29. Kg2 Bd5 0-1

[Event "LTU-ch sf"]
[Site "Vilnius"]
[Date "2012.02.19"]
[Round "2"]
[White "Rimeikis, Andrius"]
[Black "Zickus, Simonas"]
[Result "1-0"]
[WhiteElo "2065"]
[BlackElo "2283"]
[PlyCount "45"]
[EventDate "2012.02.19"]
[EventType "swiss"]
[EventRounds "8"]
[EventCountry "LTU"]
[SourceTitle "CBM 147 Extra"]
[Source "ChessBase"]
[SourceDate "2012.04.24"]
[SourceVersion "1"]
[SourceVersionDate "2012.04.24"]
[SourceQuality "1"]

1. e4 d6 2. d4 Nf6 3. Nc3 g6 4. f4 Bg7 5. Nf3 c5 6. Bb5+ Bd7 7. Bxd7+ Nfxd7 8. Be3 Nc6 9. d5 Nb4 10. 0-0 Rb8 11. Qe2 0-0 12. Rad1 Qa5 13. e5 b5 14. a3 Na6 15. Ne4 dxe5 16. d6 exd6 17. Rxd6 Rb7 18. fxe5 Nxe5 19. Bd2 Nxf3+ 20. Qxf3 Qa4 21. b3 Bd4+ 22. Kh1 Qxa3 23. Nf6+ 1-0

[Event "LTU-ch sf"]
[Site "Vilnius"]
[Date "2012.02.19"]
[Round "1"]
[White "Zickus, Simonas"]
[Black "Janulynas, Jonas"]
[Result "1-0"]
[WhiteElo "2283"]
[BlackElo "1810"]
[PlyCount "79"]
[EventDate "2012.02.19"]
[EventType "swiss"]
[EventRounds "8"]
[EventCountry "LTU"]
[SourceTitle "CBM 147 Extra"]
[Source "ChessBase"]
[SourceDate "2012.04.24"]
[SourceVersion "1"]
[SourceVersionDate "2012.04.24"]
[SourceQuality "1"]

1. Nf3 d5 2. g3 Nf6 3. Bg2 c6 4. 0-0 Nbd7 5. d4 e6 6. c4 Bd6 7. Qc2 0-0 8. Nbd2 Re8 9. e4 dxe4 10. Nxe4 Nxe4 11. Qxe4 Nf6 12. Qe2 Nd7 13. Rd1 e5 14. dxe5 Qe7 15. e6 fxe6 16. Bg5 Nf6 17. Ne5 Bxe5 18. Qxe5 Ng4 19. Qa5 Qf8 20. f3 b6 21. Qa3 Qxa3 22. bxa3 Nf6 23. f4 Bb7 24. Bxf6 gxf6 25. Rd7 Rab8 26. Rad1 e5 27. Be4 exf4 28. Bxh7+ Kf8 29. Bg6 Re7 30. gxf4 Ba6 31. h4 Bxc4 32. h5 Bd5 33. Rxe7 Kxe7 34. Re1+ Kf8 35. h6 Bf7 36. Bf5 Rd8 37. h7 Kg7 38. Re7 Re8 39. Rxa7 c5 40. Bd3 1-0

[Event "LTU-chT 1011"]
[Site "Lithuania"]
[Date "2011.02.27"]
[Round "9"]
[White "Usakovas, Jevgenijus"]
[Black "Zickus, Simonas"]
[Result "1/2-1/2"]
[WhiteElo "2065"]
[BlackElo "2320"]
[PlyCount "58"]
[EventDate "2010.11.06"]
[EventType "team-tourn"]
[EventRounds "9"]
[EventCountry "LTU"]
[SourceTitle "EXT 2012"]
[Source "ChessBase"]
[SourceDate "2011.11.24"]
[SourceVersion "1"]
[SourceVersionDate "2011.11.24"]
[SourceQuality "1"]

1. c4 e5 2. Nc3 Nc6 3. g3 f5 4. Bg2 Nf6 5. e3 d5 6. Nxd5 Nxd5 7. cxd5 Nb4 8. d3 c6 9. a3 Nxd5 10. Ne2 Bd6 11. 0-0 0-0 12. d4 e4 13. Nc3 Nf6 14. f3 exf3 15. Bxf3 Qe7 16. Qd3 Bd7 17. Bd2 Rae8 18. Bg2 h5 19. Rae1 Ne4 20. Nxe4 fxe4 21. Rxf8+ Kxf8 22. Qc4 Be6 23. Qf1+ Bf7 24. Re2 Kg8 25. Rf2 h4 26. Bb4 Bxb4 27. axb4 hxg3 28. hxg3 Bd5 29. Qe1 Qd6 1/2-1/2

[Event "EU-ch rapid"]
[Site "Warsaw"]
[Date "2010.12.19"]
[Round "10"]
[White "Maiorov, Nikita"]
[Black "Zickus, Simonas"]
[Result "1-0"]
[WhiteElo "2546"]
[BlackElo "2320"]
[PlyCount "55"]
[EventDate "2010.12.18"]
[EventType "swiss (rapid)"]
[EventRounds "13"]
[EventCountry "POL"]
[SourceTitle "CBM 139 Extra"]
[Source "ChessBase"]
[SourceDate "2011.01.05"]
[SourceVersion "1"]
[SourceVersionDate "2011.01.05"]
[SourceQuality "1"]

1. d4 d5 2. c4 dxc4 3. Nf3 Nf6 4. e3 e6 5. Bxc4 c5 6. 0-0 a6 7. a4 Nc6 8. Nc3 Be7 9. dxc5 Bxc5 10. Qxd8+ Kxd8 11. e4 Ng4 12. Bf4 Ke7 13. e5 f6 14. Ne4 Bb6 15. exf6+ gxf6 16. Bd6+ Kf7 17. b4 Rd8 18. a5 Ba7 19. Rad1 b6 20. h3 Nh6 21. Bc7 Rxd1 22. Rxd1 bxa5 23. Nd6+ Ke7 24. bxa5 Bd7 25. Ne4 Be8 26. Rd6 Nf5 27. Rxe6+ Kd7 28. Bb6 1-0

[Event "Baltija Cup"]
[Site "Palanga"]
[Date "2010.06.24"]
[Round "9"]
[White "Sarakauskiene, Zivile"]
[Black "Zickus, Simonas"]
[Result "1/2-1/2"]
[WhiteElo "2224"]
[BlackElo "2330"]
[PlyCount "22"]
[EventDate "2010.06.20"]
[EventType "tourn"]
[EventRounds "9"]
[EventCountry "LTU"]
[SourceTitle "EXT 2013"]
[Source "ChessBase"]
[SourceDate "2012.11.22"]
[SourceVersion "1"]
[SourceVersionDate "2012.11.22"]
[SourceQuality "1"]

1. e4 c5 2. Nf3 Nc6 3. d4 cxd4 4. Nxd4 Nf6 5. Nc3 e5 6. Ndb5 d6 7. a4 a6 8. Na3 Be6 9. Bg5 Be7 10. Bxf6 Bxf6 11. Bc4 0-0 1/2-1/2

[Event "Baltija Cup"]
[Site "Palanga"]
[Date "2010.06.22"]
[Round "6"]
[White "Zickus, Simonas"]
[Black "Labuckas, Aidas"]
[Result "1-0"]
[WhiteElo "2330"]
[BlackElo "2336"]
[PlyCount "109"]
[EventDate "2010.06.20"]
[EventType "tourn"]
[EventRounds "9"]
[EventCountry "LTU"]
[SourceTitle "EXT 2013"]
[Source "ChessBase"]
[SourceDate "2012.11.22"]
[SourceVersion "1"]
[SourceVersionDate "2012.11.22"]
[SourceQuality "1"]

1. Nf3 Nf6 2. g3 g6 3. Bg2 Bg7 4. 0-0 0-0 5. c4 d6 6. d4 c6 7. Nc3 Bf5 8. Nh4 Bd7 9. e4 e5 10. Nf3 Re8 11. h3 Na6 12. Re1 exd4 13. Nxd4 Qc7 14. Bf4 Nh5 15. Be3 Nc5 16. Qc2 Rad8 17. Rad1 Bc8 18. g4 Nf6 19. f4 h5 20. g5 Nh7 21. Kh1 a5 22. Nb3 b6 23. Nd4 Ba6 24. b3 Nf8 25. a3 Nce6 26. Nde2 Nh7 27. Qd2 Bf8 28. f5 Nc5 29. b4 Nd7 30. b5 Bb7 31. fxg6 fxg6 32. bxc6 Qxc6 33. Qa2 Kh8 34. Nf4 Ne5 35. Bd4 Bg7 36. h4 Nf8 37. Ncd5 Qxc4 38. Qd2 Qb3 39. Re3 Qb5 40. Nc7 Qd7 41. Nxe8 Rxe8 42. Rc1 b5 43. Bh3 Qf7 44. Re2 Kh7 45. Rf1 Nc4 46. Qd3 Qe7 47. Bxg7 Kxg7 48. Bg2 Nd7 49. Nxg6 Kxg6 50. e5+ Kg7 51. Bxb7 Nc5 52. Qf5 Qxb7+ 53. Kh2 Nxe5 54. Qf6+ Kh7 55. Rxe5 1-0

[Event "LTU-ch"]
[Site "Nemencine"]
[Date "2010.04.27"]
[Round "4"]
[White "Piesina, Gintautas"]
[Black "Zickus, Simonas"]
[Result "1/2-1/2"]
[WhiteElo "2342"]
[BlackElo "2320"]
[PlyCount "226"]
[EventDate "2010.04.25"]
[EventType "swiss"]
[EventRounds "9"]
[EventCountry "LTU"]
[SourceTitle "CBM 136 Extra"]
[Source "ChessBase"]
[SourceDate "2010.07.02"]
[SourceVersion "2"]
[SourceVersionDate "2010.07.15"]
[SourceQuality "1"]

1. e4 d6 2. d4 Nf6 3. Nc3 g6 4. Nf3 Bg7 5. Be2 0-0 6. 0-0 c6 7. a4 a5 8. h3 Qc7 9. Bf4 Nbd7 10. e5 dxe5 11. Nxe5 Nxe5 12. Bxe5 Qb6 13. Qc1 Be6 14. Bf3 Rfd8 15. Re1 Rd7 16. Ne2 Bd5 17. Bxd5 Nxd5 18. Bxg7 Kxg7 19. c3 Rad8 20. Ng3 Nf6 21. Re5 e6 22. Nf1 Rd6 23. Ne3 Qa6 24. Qf1 Qa7 25. Nc4 Rd5 26. Rae1 Nd7 27. R5e2 Nb6 28. Ne3 R5d7 29. Ra1 h5 30. Ree1 Qb8 31. Qe2 e5 32. Nc2 exd4 33. Nxd4 Qf4 34. g3 Qf6 35. h4 Rd5 36. Qe7 Qxe7 37. Rxe7 R8d7 38. Re4 Kf6 39. Kg2 Re7 40. Rf4+ Kg7 41. Nf3 Re2 42. Rb1 Rd7 43. Nd4 Re5 44. Nf3 Re2 45. Kf1 Rde7 46. Re1 Rxe1+ 47. Nxe1 f5 48. Nd3 Kf6 49. Nc5 Nd5 50. Rd4 b6 51. Nb3 g5 52. c4 Nb4 53. hxg5+ Kxg5 54. Nd2 Re6 55. Nf3+ Kf6 56. b3 Na6 57. Rd8 Nc5 58. Rf8+ Kg6 59. Nh4+ Kg7 60. Rb8 Nxb3 61. Nxf5+ Kf6 62. Ne3 Nc5 63. Rxb6 Nxa4 64. Ra6 Re5 65. Rxc6+ Kg7 66. Ra6 Nb2 67. Rb6 Nd3 68. Ra6 Rc5 69. Ke2 Nb2 70. Ra7+ Kg6 71. Ra6+ Kg7 72. Kf3 a4 73. Ke4 Nxc4 74. Nf5+ Kf7 75. Rxa4 Nb6 76. Ra7+ Kf6 77. Nd4 Re5+ 78. Kf3 Rd5 79. Ne2 Rd3+ 80. Kg2 Nd5 81. Ra6+ Kg7 82. Re6 Kh7 83. Re4 Kh6 84. Nd4 Nc3 85. Re6+ Kg7 86. Nf5+ Kf7 87. Rh6 Rd2 88. Rxh5 Nd1 89. g4 Nxf2 90. Kf3 Nxg4 91. Kxg4 Kf6 92. Rh6+ Ke5 93. Rh8 Ra2 94. Rb8 Ra4+ 95. Kg5 Ra1 96. Rb5+ Ke4 97. Ng3+ Kd4 98. Kf4 Kc4 99. Re5 Kd4 100. Nf5+ Kd3 101. Rd5+ Kc4 102. Ne3+ Kc3 103. Rc5+ Kd3 104. Kf3 Rh1 105. Rd5+ Kc3 106. Rc5+ Kd3 107. Nf5 Rf1+ 108. Kg2 Ra1 109. Kf2 Ke4 110. Ng3+ Kd4 111. Rh5 Ra8 112. Kf3 Rf8+ 113. Nf5+ Ke5 1/2-1/2

[Event "LTU-chT 0910"]
[Site "Lithuania"]
[Date "2010.01.31"]
[Round "6.44"]
[White "Laurusas, Tomas"]
[Black "Zickus, Simonas"]
[Result "1/2-1/2"]
[WhiteElo "2242"]
[BlackElo "2320"]
[PlyCount "81"]
[EventDate "2009.11.07"]
[EventType "team-tourn"]
[EventRounds "9"]
[EventCountry "LTU"]
[SourceTitle "EXT 2022"]
[Source "ChessBase"]
[SourceDate "2021.10.06"]
[SourceVersion "1"]
[SourceVersionDate "2021.10.06"]
[SourceQuality "1"]
[WhiteTeam "Kaunas Margiris"]
[BlackTeam "Panevezys"]
[WhiteTeamCountry "LTU"]
[BlackTeamCountry "LTU"]

1. d4 d5 2. c4 dxc4 3. Nf3 Nf6 4. e3 e6 5. Bxc4 c5 6. Qe2 a6 7. dxc5 Bxc5 8. 0-0 0-0 9. a3 b5 10. Rd1 Qe7 11. Ba2 e5 12. b4 Bb6 13. e4 Nc6 14. Be3 Bxe3 15. fxe3 Be6 16. Nc3 Rfd8 17. Bd5 Rac8 18. Rac1 h6 19. h3 Nb8 20. Qb2 Qa7 21. Qf2 Rxc3 22. Rxc3 Nxe4 23. Qh4 Rxd5 24. Rc8+ Bxc8 25. Rxd5 Qxe3+ 26. Kh2 Nc6 27. Nxe5 Nxe5 28. Rxe5 Bb7 29. Re8+ Kh7 30. Qg4 Qg5 31. Rxe4 Bxe4 32. Qxe4+ f5 33. Qe6 Qg6 34. Qe5 Qg5 35. Qe6 Qg6 36. Qe5 h5 37. Kh1 Qg5 38. Kh2 Qg6 39. Kh1 Kg8 40. Qb8+ Kh7 41. Qe5 1/2-1/2

[Event "LTU-ch"]
[Site "Vilnius"]
[Date "2009.05.07"]
[Round "8"]
[White "Kveinys, Aloyzas"]
[Black "Zickus, Simonas"]
[Result "1-0"]
[WhiteElo "2534"]
[BlackElo "2307"]
[PlyCount "59"]
[EventDate "2009.05.02"]
[EventType "tourn"]
[EventRounds "11"]
[EventCountry "LTU"]
[EventCategory "7"]
[SourceTitle "CBM 130 Extra"]
[Source "ChessBase"]
[SourceDate "2009.07.02"]
[SourceVersion "2"]
[SourceVersionDate "2009.07.15"]
[SourceQuality "1"]

1. d4 Nf6 2. c4 g6 3. Nf3 Bg7 4. Nc3 0-0 5. Bg5 d6 6. e3 c6 7. Be2 Qa5 8. 0-0 Bg4 9. Bh4 e5 10. h3 Bxf3 11. Bxf3 Re8 12. Rb1 Qb4 13. Qd3 Nbd7 14. a3 Qb3 15. Bd1 Qb6 16. b4 exd4 17. exd4 Nh5 18. Bxh5 gxh5 19. Rfd1 Nf8 20. c5 dxc5 21. bxc5 Qc7 22. Qf3 Ng6 23. Bg3 Qe7 24. Bd6 Qd7 25. Qxh5 Re6 26. Ne2 Rae8 27. Ng3 Ne7 28. Bxe7 Qxe7 29. Nf5 Qf6 30. Rxb7 1-0

[Event "LTU-ch"]
[Site "Vilnius"]
[Date "2009.05.06"]
[Round "7"]
[White "Zickus, Simonas"]
[Black "Malisauskas, Vidmantas"]
[Result "1/2-1/2"]
[WhiteElo "2307"]
[BlackElo "2459"]
[PlyCount "31"]
[EventDate "2009.05.02"]
[EventType "tourn"]
[EventRounds "11"]
[EventCountry "LTU"]
[EventCategory "7"]
[SourceTitle "CBM 130 Extra"]
[Source "ChessBase"]
[SourceDate "2009.07.02"]
[SourceVersion "2"]
[SourceVersionDate "2009.07.15"]
[SourceQuality "1"]

1. Nf3 c5 2. c4 g6 3. Nc3 Bg7 4. d4 cxd4 5. Nxd4 Nc6 6. Nc2 d6 7. e4 a5 8. Be3 Nf6 9. Be2 0-0 10. 0-0 a4 11. Rb1 Nd7 12. Nd4 Nxd4 13. Bxd4 Nc5 14. b4 axb3 15. axb3 Bxd4 16. Qxd4 1/2-1/2

[Event "LTU-ch"]
[Site "Vilnius"]
[Date "2009.05.03"]
[Round "2"]
[White "Zickus, Simonas"]
[Black "Cmilyte, Viktorija"]
[Result "0-1"]
[WhiteElo "2307"]
[BlackElo "2498"]
[PlyCount "216"]
[EventDate "2009.05.02"]
[EventType "tourn"]
[EventRounds "11"]
[EventCountry "LTU"]
[EventCategory "7"]
[SourceTitle "CBM 130 Extra"]
[Source "ChessBase"]
[SourceDate "2009.07.02"]
[SourceVersion "2"]
[SourceVersionDate "2009.07.15"]
[SourceQuality "1"]

1. Nf3 Nf6 2. c4 g6 3. g3 Bg7 4. Bg2 0-0 5. 0-0 d5 6. cxd5 Nxd5 7. d4 Nb6 8. Nc3 Nc6 9. e3 Re8 10. Re1 a5 11. a4 e5 12. d5 Nb4 13. e4 c6 14. Bg5 f6 15. Be3 cxd5 16. Bxb6 Qxb6 17. Nxd5 Nxd5 18. Qxd5+ Be6 19. Qb5 Qxb5 20. axb5 Bf8 21. Rec1 Rec8 22. Bf1 Bb4 23. Bd3 Bb3 24. Kf1 Kf7 25. Ke2 Ke7 26. Nd2 Be6 27. Nc4 Rc5 28. Ne3 b6 29. Bc4 Rd8 30. Nd5+ Bxd5 31. Bxd5 Rxb5 32. Rc7+ Rd7 33. Rc6 Rd6 34. Rc7+ Rd7 35. Rc6 Bd6 36. b3 Rd8 37. Rd1 Rb4 38. Rdc1 Kd7 39. h4 h5 40. R1c3 Ke7 41. Rc8 b5 42. R3c6 Rxc8 43. Rxc8 a4 44. bxa4 bxa4 45. Rc2 a3 46. Kd3 Rb1 47. Kc4 g5 48. Kd3 gxh4 49. gxh4 Rh1 50. Rc8 Rxh4 51. Ra8 Rh2 52. Ra7+ Kd8 53. Be6 Bc5 54. Ra5 Ke7 55. Bf5 Kd6 56. Kc4 Bxf2 57. Ra6+ Ke7 58. Rxa3 Rh1 59. Kd3 h4 60. Ke2 Bg3 61. Kf3 Bf4 62. Kg4 Bg5 63. Rd3 Ra1 64. Kh3 Ra4 65. Rd7+ Ke8 66. Rd3 Rd4 67. Ra3 Ke7 68. Kg4 Kd6 69. Kh3 Kc5 70. Rc3+ Kb4 71. Rf3 Rd2 72. Be6 Kc5 73. Ra3 Kd4 74. Bf5 Rf2 75. Bg6 Rf4 76. Ra4+ Kd3 77. Ra3+ Kd2 78. Ra2+ Kc1 79. Ra3 Kb2 80. Rd3 Kc2 81. Ra3 Bh6 82. Ra2+ Kb3 83. Re2 Bf8 84. Rg2 Bh6 85. Re2 Kc3 86. Ra2 Bg5 87. Ra3+ Kc2 88. Bh7 Rf1 89. Kg2 Re1 90. Bf5 Kd2 91. Ra2+ Kc3 92. Ra3+ Kb4 93. Ra2 Bf4 94. Rb2+ Kc3 95. Ra2 Bg3 96. Kf3 Rf1+ 97. Kg2 Rxf5 98. exf5 e4 99. Ra4 Kd3 100. Ra3+ Kd4 101. Ra5 Ke3 102. Ra6 Be5 103. Kh3 Kf3 104. Re6 Kf4 105. Ra6 e3 106. Kg2 h3+ 107. Kf1 h2 108. Kg2 e2 0-1